| 000 | 00412cam a2200157ua 4500 | ||
|---|---|---|---|
| 020 | _a9780071357814 | ||
| 082 |
_a006.6 _bPLA/TH |
||
| 100 | _aPlastock, Roy A . | ||
| 245 | _aTheory and problems of computer graphics / | ||
| 250 | _a1 / | ||
| 260 |
_aNew York : _bMcGraw Hill Book Company , _c1986. |
||
| 300 | _a340 ; . | ||
| 490 | 0 | _aSchaum`s outline series, | |
| 700 | 1 | _aKallas, Gordon . | |
| 942 | _cBK | ||
| 999 |
_c7380 _d7380 |
||